| 000 | 00510nam a22001937a 4500 | ||
|---|---|---|---|
| 005 | 20180726151757.0 | ||
| 010 | _aB-159588 | ||
| 020 | _c00.00 | ||
| 035 | _aB-159588 | ||
| 037 | _bBPPD/PUB | ||
| 082 | _aMUS | ||
| 100 | _aSirsaj,syed mustafa. | ||
| 245 |
_aMythical Man / _cby Syed mustafa siraj ; |
||
| 260 |
_aNew Delhi _bSahitya Akademi _c2005 |
||
| 270 |
_aRavindra Bhavan,35 Ferozeshah Road, _bDelhi |
||
| 300 |
_a296p. _c21cm( HB) |
||
| 700 | _aSudeshna chakaravarty | ||
| 942 |
_2ddc _cEN _hN _mMUS |
||
| 999 |
_c154912 _d154912 |
||